[Event "BCF-chT4S 1920 (4NCL)"]
[Site "England"]
[Date "2019.11.10"]
[Round "2.122"]
[White "Cross, Mark"]
[Black "Angelopoulos, Andreas"]
[Result "1/2-1/2"]
[WhiteElo "1746"]
[BlackElo "1615"]
[PlyCount "68"]
[EventDate "2019.11.09"]
[EventType "team-swiss"]
[EventRounds "11"]
[EventCountry "ENG"]
[SourceTitle "EXT 2022"]
[Source "ChessBase"]
[SourceDate "2021.10.06"]
[SourceVersion "1"]
[SourceVersionDate "2021.10.06"]
[SourceQuality "1"]
[WhiteTeam "Celtic Tigers III"]
[BlackTeam "Barnet Knights III"]
[WhiteTeamCountry "ENG"]
[BlackTeamCountry "ENG"]

1. d4 Nf6 2. e3 d5 3. Bd3 Nbd7 4. f4 e6 5. Nd2 c5 6. c3 Bd6 7. Ngf3 cxd4 8. cxd4 0-0 9. Ne5 Nb6 10. 0-0 Bd7 11. Qf3 g6 12. b3 Re8 13. Qh3 Bf8 14. g4 Bg7 15. Kh1 Qc8 16. Bb2 a6 17. Rac1 Qd8 18. Rg1 Bb5 19. Bb1 Rc8 20. Qg3 Nbd7 21. Rxc8 Qxc8 22. Rc1 Qd8 23. a4 Bc6 24. Nxc6 bxc6 25. Rxc6 Qa8 26. Rc1 Rc8 27. Rxc8+ Qxc8 28. Qg2 Qb7 29. Ba3 Bf8 30. Bxf8 Kxf8 31. Bd3 Nb8 32. g5 Nfd7 33. Qe2 a5 34. Bb5 Nb6 1/2-1/2

[Event "BCF-chT4S 1819 (4NCL)"]
[Site "England"]
[Date "2019.02.10"]
[Round "6.16"]
[White "Truman, Richard G"]
[Black "Cross, Mark"]
[Result "1-0"]
[WhiteElo "1945"]
[BlackElo "1772"]
[PlyCount "121"]
[EventDate "2018.11.17"]
[EventType "team-swiss"]
[EventRounds "11"]
[EventCountry "ENG"]
[SourceTitle "EXT 2021"]
[Source "ChessBase"]
[SourceDate "2020.10.23"]
[SourceVersion "1"]
[SourceVersionDate "2020.10.23"]
[SourceQuality "1"]
[WhiteTeam "Ashfield"]
[BlackTeam "Crowthorne"]
[WhiteTeamCountry "ENG"]
[BlackTeamCountry "ENG"]

1. d4 Nf6 2. c4 e5 3. dxe5 Ng4 4. Nf3 Bc5 5. e3 Nc6 6. Be2 Ngxe5 7. Nxe5 Nxe5 8. Nc3 0-0 9. 0-0 d6 10. Ne4 b6 11. Nxc5 bxc5 12. f4 Ng6 13. e4 Bb7 14. Bd3 Re8 15. Re1 Bc6 16. Qg4 Qf6 17. e5 dxe5 18. f5 Nf4 19. Be4 Rad8 20. Bxc6 Qxc6 21. Bxf4 exf4 22. Qxf4 Rd6 23. h3 Kf8 24. Qh4 Rh6 25. Qf2 Qd6 26. Rad1 Rxe1+ 27. Qxe1 Qe7 28. Qxe7+ Kxe7 29. Rd5 Rc6 30. Kh2 Kf6 31. Kg3 g6 32. Kf4 Ra6 33. a3 Rb6 34. Rxc5 Rxb2 35. Rc6+ Kg7 36. f6+ Kh6 37. Rxc7 g5+ 38. Ke5 Kg6 39. Rxa7 Rxg2 40. Ra6 Rh2 41. c5 Rxh3 42. c6 Rc3 43. Kd6 Rd3+ 44. Ke7 Rc3 45. Kd7 Rd3+ 46. Kc8 g4 47. c7 Rc3 48. Kd7 g3 49. Ra8 Rd3+ 50. Ke7 Re3+ 51. Kd6 Rd3+ 52. Ke5 Rc3 53. c8Q Rxc8 54. Rxc8 Kg5 55. Rg8+ Kh4 56. Kf4 h5 57. a4 Kh3 58. a5 h4 59. a6 g2 60. a7 Kh2 61. Rxg2+ 1-0